[Event "BL2-Sued 1516"]
[Site "Germany"]
[Date "2015.12.13"]
[Round "4.7"]
[White "Zude, Arno"]
[Black "Tammert, Iamze"]
[Result "1-0"]
[WhiteElo "2389"]
[BlackElo "2297"]
[PlyCount "93"]
[EventDate "2015.09.20"]
[EventType "team-tourn"]
[EventRounds "9"]
[EventCountry "GER"]
[SourceTitle "EXT 2017"]
[Source "ChessBase"]
[SourceDate "2016.10.25"]
[SourceVersion "1"]
[SourceVersionDate "2016.10.25"]
[SourceQuality "1"]
[WhiteTeam "Hofheim"]
[BlackTeam "Baden-Baden II"]
[WhiteTeamCountry "GER"]
[BlackTeamCountry "GER"]

1. e4 c5 2. Nf3 e6 3. d4 cxd4 4. Nxd4 a6 5. Bd3 Ne7 6. 0-0 Nbc6 7. Nf3 Qc7 8. b3 Ng6 9. Bb2 f6 10. Nbd2 Be7 11. Nc4 b5 12. Ne3 Nf4 13. Re1 Nxd3 14. cxd3 0-0 15. d4 Nd8 16. Rc1 Qf4 17. Qd3 Bb7 18. d5 Bd6 19. Nf1 exd5 20. exd5 Nf7 21. Ng3 Rfe8 22. Rcd1 Bb4 23. Bc1 Rxe1+ 24. Nxe1 Qd6 25. Nc2 Ba5 26. Nf5 Qe5 27. b4 Bc7 28. g3 Nd6 29. Nce3 Re8 30. Nxd6 Bxd6 31. a3 Rc8 32. Bd2 Bf8 33. h4 Qh5 34. Bc3 Qf3 35. Bb2 g6 36. Qd4 Be7 37. Rd3 h5 38. Ng2 Qf5 39. Ne3 Qf3 40. Rd2 Kg7 41. Qb6 Ba8 42. Qxa6 Rd8 43. Qxb5 Bd6 44. Qb6 Be7 45. Qc7 d6 46. Rd4 Rg8 47. Rf4 1-0

[Event "BL 1415 (Women)"]
[Site "Germany"]
[Date "2015.03.29"]
[Round "9.4"]
[White "Braje, Monika"]
[Black "Tammert, Iamze"]
[Result "0-1"]
[WhiteElo "1791"]
[BlackElo "2272"]
[PlyCount "94"]
[EventDate "2014.09.27"]
[EventType "team-tourn"]
[EventRounds "11"]
[EventCountry "GER"]
[SourceTitle "CBM 166 Extra"]
[Source "ChessBase"]
[SourceDate "2015.06.18"]
[SourceVersion "1"]
[SourceVersionDate "2015.06.18"]
[SourceQuality "1"]
[WhiteTeam "Lehrte (W)"]
[BlackTeam "Baden-Baden (W)"]
[WhiteTeamCountry "GER"]
[BlackTeamCountry "GER"]

1. e4 c5 2. d4 cxd4 3. c3 dxc3 4. Nxc3 Nc6 5. Nf3 a6 6. Bc4 e6 7. a3 Qc7 8. 0-0 Nf6 9. h3 Be7 10. Qe2 d6 11. Bf4 Ne5 12. Ba2 0-0 13. Rac1 Qb8 14. Rfd1 b5 15. b4 Nxf3+ 16. Qxf3 Nd7 17. Qg3 Ne5 18. Bh6 Bf6 19. Ne2 Bb7 20. f3 a5 21. Rc2 axb4 22. axb4 Rc8 23. Rcd2 Ra3 24. Bb1 Nc4 25. Rd3 Rxd3 26. Rxd3 d5 27. Bf4 e5 28. Bg5 Bxg5 29. Qxg5 d4 30. Ng3 h6 31. Qh5 Qd6 32. Nf5 Qf6 33. Ba2 Ra8 34. Bb3 Qg5 35. Qxg5 hxg5 36. Kh2 g6 37. Nh6+ Kg7 38. Ng4 f5 39. Nf2 Ra1 40. Kg3 Rb1 41. exf5 gxf5 42. h4 gxh4+ 43. Kxh4 Rb2 44. Nh3 Rxg2 45. Ng5 Kg6 46. Ne6 Bc8 47. Kh3 Rb2 0-1

[Event "BL 1415 (Women)"]
[Site "Germany"]
[Date "2015.01.25"]
[Round "7.6"]
[White "Tammert, Iamze"]
[Black "Frey, Alisa"]
[Result "1-0"]
[WhiteElo "2272"]
[BlackElo "2105"]
[PlyCount "129"]
[EventDate "2014.09.27"]
[EventType "team-tourn"]
[EventRounds "11"]
[EventCountry "GER"]
[SourceTitle "CBM 166 Extra"]
[Source "ChessBase"]
[SourceDate "2015.06.18"]
[SourceVersion "1"]
[SourceVersionDate "2015.06.18"]
[SourceQuality "1"]
[WhiteTeam "Baden-Baden (W)"]
[BlackTeam "Friedberg (W)"]
[WhiteTeamCountry "GER"]
[BlackTeamCountry "GER"]

1. c4 Nf6 2. g3 g6 3. Bg2 c5 4. Nc3 Nc6 5. d3 Bg7 6. e3 0-0 7. Nge2 e6 8. e4 d6 9. 0-0 a6 10. h3 Rb8 11. a4 b6 12. Be3 Qc7 13. Rc1 Bb7 14. Qd2 Rfd8 15. Rfd1 Na5 16. Qc2 Rbc8 17. b3 d5 18. cxd5 exd5 19. Nxd5 Nxd5 20. exd5 Bxd5 21. Bxd5 Rxd5 22. b4 Nb7 23. Qc4 Rdd8 24. bxc5 Nxc5 25. d4 Ne6 26. Qxa6 Qd7 27. Rxc8 Rxc8 28. Qxb6 Qxa4 29. Qb1 Qd7 30. Qd3 h6 31. Kh2 Ra8 32. d5 Ng5 33. Ng1 Ra4 34. Qd2 Ne4 35. Qc2 Nd6 36. Qc6 Qxc6 37. dxc6 Nb5 38. Rb1 Nd6 39. Bf4 Rc4 40. Bxd6 Rxc6 41. Bf4 Rc2 42. Kg2 Bd4 43. Rf1 Kg7 44. Nf3 Bc5 45. Be5+ f6 46. Bd4 Bd6 47. Rb1 Kf7 48. Rb6 Be7 49. Be3 h5 50. Nd4 Rc7 51. Nc6 Bf8 52. Rb7 Rxb7 53. Nd8+ Ke8 54. Nxb7 Kd7 55. Nc5+ Ke7 56. Kf3 Kd6 57. Nd3 Ke6 58. Nf4+ Kf7 59. Ke4 Ba3 60. Kd5 Bb4 61. Kc6 Be1 62. Kd7 Bb4 63. Bd4 Bf8 64. Ne6 Be7 65. Nc5 1-0

[Event "BL 1415 (Women)"]
[Site "Germany"]
[Date "2014.11.29"]
[Round "3.6"]
[White "Tammert, Iamze"]
[Black "Halas, Julia"]
[Result "1/2-1/2"]
[WhiteElo "2272"]
[BlackElo "1624"]
[PlyCount "72"]
[EventDate "2014.09.27"]
[EventType "team-tourn"]
[EventRounds "11"]
[EventCountry "GER"]
[SourceTitle "CBM 166 Extra"]
[Source "ChessBase"]
[SourceDate "2015.06.18"]
[SourceVersion "1"]
[SourceVersionDate "2015.06.18"]
[SourceQuality "1"]
[WhiteTeam "Baden-Baden (W)"]
[BlackTeam "Leipzig SG (W)"]
[WhiteTeamCountry "GER"]
[BlackTeamCountry "GER"]

1. c4 Nf6 2. g3 g6 3. Bg2 Bg7 4. Nf3 0-0 5. 0-0 d6 6. Nc3 Nc6 7. d4 a6 8. Qc2 Rb8 9. a3 e5 10. dxe5 Nxe5 11. Nxe5 dxe5 12. Rd1 Qe7 13. Bg5 Be6 14. Nd5 Bxd5 15. cxd5 h6 16. Bd2 Ne8 17. Rac1 Rc8 18. d6 Nxd6 19. Bb4 a5 20. Bxa5 b6 21. Be1 c5 22. Bd5 Kh8 23. a4 Rfd8 24. b4 cxb4 25. Qb3 Rxc1 26. Rxc1 f5 27. Bxb4 Qg5 28. Rc6 Ne4 29. e3 Qg4 30. Kg2 Ng5 31. Kf1 e4 32. Be7 Nf3 33. Rc2 Qh3+ 34. Ke2 Ng1+ 35. Kd2 Nf3+ 36. Ke2 Ng1+ 1/2-1/2

[Event "Oberliga Baden 1314"]
[Site "Germany"]
[Date "2014.03.16"]
[Round "8.5"]
[White "Loewe, Lennard"]
[Black "Tammert, Iamze"]
[Result "1-0"]
[WhiteElo "2189"]
[BlackElo "2292"]
[PlyCount "77"]
[EventDate "2013.10.13"]
[EventType "team-tourn"]
[EventRounds "9"]
[EventCountry "GER"]
[SourceTitle "EXT 2015"]
[Source "ChessBase"]
[SourceDate "2014.11.20"]
[SourceVersion "1"]
[SourceVersionDate "2014.11.20"]
[SourceQuality "1"]
[WhiteTeam "Ettlingen"]
[BlackTeam "Baden-Baden III"]
[WhiteTeamCountry "GER"]
[BlackTeamCountry "GER"]

1. e4 g6 2. d4 Bg7 3. Nc3 c6 4. Nf3 d6 5. Be3 b5 6. Bd3 Nf6 7. h3 0-0 8. Qd2 Re8 9. a4 b4 10. Na2 a5 11. c3 bxc3 12. Nxc3 Na6 13. 0-0 Nb4 14. Bc4 Nxe4 15. Nxe4 d5 16. Bb3 dxe4 17. Ng5 Nd5 18. Nxe4 Bf5 19. Nc5 e5 20. Rad1 Nxe3 21. fxe3 Bh6 22. Rf3 exd4 23. Qxd4 Qb6 24. Qf6 Rf8 25. Qc3 Ra7 26. g4 Bc8 27. Rdf1 Re7 28. Kg2 Qb4 29. Qxb4 axb4 30. e4 Bg7 31. a5 Bxb2 32. a6 Bd4 33. Rxf7 Rfxf7 34. Rxf7 Rxf7 35. a7 Bb7 36. Nxb7 Bxa7 37. Nd6 Kg7 38. Nxf7 Kf6 39. e5+ 1-0